Statistics for Capital City by Flag

Click here to take the quiz!

General Stats

  • This quiz has been taken 31 times
    (25 since last reset)
  • The average score is 11 of 16

Answer Stats

Answer% Correct
Dublin
100%
Kuala Lumpur
100%
London
94%
Berlin
88%
Canberra
88%
Jerusalem
88%
Astana
82%
Paris
82%
Amsterdam
76%
Bangkok
76%
Washington DC
71%
Abu Dhabi
47%
Brasilia
47%
Ljubljana
41%
Beirut
35%
Port Louis
29%

Score Distribution

Percentile by Number Answered

Percent of People with Each Score

Your Score History

You have not taken this quiz since the last reset